| 000 | 01094nam a2200289 4500 | ||
|---|---|---|---|
| 001 | 0000022429 | ||
| 003 | CO-CtgCURN | ||
| 005 | 20250506215345.0 | ||
| 008 | 160627s2010 000 0 eng d | ||
| 020 | _a9789583033827 | ||
| 040 |
_aCO-CtgCURN _bspa _ccoctgcurn |
||
| 082 | 0 |
_a923.586 _bB296 |
|
| 100 | 1 | _aBastidas Padilla, Carlos. | |
| 245 | 1 | 3 |
_aEl guerrero y los centauros : _bla vida del general Santander / _cCarlos Bastidas Padilla, ilustraciones de Andres Rodríguez Moreno. |
| 250 | _a1a ed. | ||
| 260 |
_aBogotá : _bPanamericana Editorial, _c2010. |
||
| 300 | _a261 p. | ||
| 336 | _2rdacontent | ||
| 337 |
_2rdamedia _asin mediacion _bn |
||
| 338 |
_2rdacarrier _avolumen _bnc |
||
| 490 | 1 | _aLiteratura juvenil | |
| 505 | 8 | _aUna historia de amor.--℗ʺQuien le pone el cascabel al gato?.--Santander en los Llanos Orientales.--Orinoco arriba, hacia la gloria | |
| 650 | 0 |
_aSantander, Francisco de Paula _xBiografia _y1792-1840. |
|
| 908 | _a160627 | ||
| 942 |
_cBK _h923.586 _iB296 _2ddc |
||
| 999 |
_c48355 _d48355 _x1 |
||